<?xml version="1.0" encoding="UTF-8"?>
<record
    xmlns:xsi="http://www.w3.org/2001/XMLSchema-instance"
    xsi:schemaLocation="http://www.loc.gov/MARC21/slim http://www.loc.gov/standards/marcxml/schema/MARC21slim.xsd"
    xmlns="http://www.loc.gov/MARC21/slim">

  <leader>00901nam a22002057a 4500</leader>
  <controlfield tag="005">20240530110408.0</controlfield>
  <controlfield tag="008">150207s2009    ua o   f      000 0 ara d</controlfield>
  <datafield tag="017" ind1=" " ind2=" ">
    <subfield code="a">2009/13643</subfield>
    <subfield code="b">&#x645;&#x635;&#x631; . &#x62F;&#x627;&#x631; &#x627;&#x644;&#x643;&#x62A;&#x628; &#x627;&#x644;&#x645;&#x635;&#x631;&#x64A;&#x629;</subfield>
  </datafield>
  <datafield tag="040" ind1=" " ind2=" ">
    <subfield code="a">EG-CaGPL</subfield>
  </datafield>
  <datafield tag="041" ind1="0" ind2=" ">
    <subfield code="a">ara</subfield>
  </datafield>
  <datafield tag="082" ind1="0" ind2="4">
    <subfield code="2">21</subfield>
    <subfield code="a">025.04</subfield>
    <subfield code="b">&#x642;/&#x631; &#x648;</subfield>
  </datafield>
  <datafield tag="100" ind1="0" ind2=" ">
    <subfield code="a">&#x631;&#x641;&#x639;&#x62A; &#x62D;&#x633;&#x646; &#x647;&#x644;&#x627;&#x644;</subfield>
    <subfield code="e">&#x645;&#x62D;&#x631;&#x631;</subfield>
  </datafield>
  <datafield tag="245" ind1="1" ind2="0">
    <subfield code="a">&#x648;&#x62B;&#x627;&#x62B;&#x642; &#x645;&#x635;&#x631; &#x641;&#x649; &#x639;&#x635;&#x631; &#x627;&#x644;&#x645;&#x639;&#x644;&#x648;&#x645;&#x627;&#x62A; : </subfield>
    <subfield code="b">&#x62A;&#x62C;&#x631;&#x628;&#x629; &#x645;&#x635;&#x631;&#x64A;&#x629; &#x631;&#x627;&#x626;&#x62F;&#x629; &#x644;&#x645;&#x64A;&#x643;&#x646;&#x629; &#x645;&#x642;&#x62A;&#x646;&#x64A;&#x627;&#x62A; &#x62F;&#x627;&#x631; &#x627;&#x644;&#x648;&#x62B;&#x627;&#x626;&#x642; &#x627;&#x644;&#x642;&#x648;&#x645;&#x64A;&#x629; /</subfield>
    <subfield code="c">&#x62A;&#x62D;&#x631;&#x64A;&#x631; &#x631;&#x641;&#x639;&#x62A; &#x62D;&#x633;&#x646; &#x647;&#x644;&#x627;&#x644;</subfield>
  </datafield>
  <datafield tag="260" ind1=" " ind2=" ">
    <subfield code="a">&#x627;&#x644;&#x642;&#x627;&#x647;&#x631;&#x629; : </subfield>
    <subfield code="b">&#x62F;&#x627;&#x631; &#x627;&#x644;&#x643;&#x62A;&#x628; &#x648;&#x627;&#x644;&#x648;&#x62B;&#x627;&#x626;&#x642; &#x627;&#x644;&#x642;&#x648;&#x645;&#x64A;&#x629; &#x60C;</subfield>
    <subfield code="c">2009</subfield>
  </datafield>
  <datafield tag="300" ind1=" " ind2=" ">
    <subfield code="a">127 &#x635; :</subfield>
    <subfield code="b">&#x635;&#x648;&#x631; &#x61B; </subfield>
    <subfield code="c">24 &#x633;&#x645;</subfield>
  </datafield>
  <datafield tag="650" ind1="0" ind2="4">
    <subfield code="a">&#x62F;&#x627;&#x631; &#x627;&#x644;&#x648;&#x62B;&#x627;&#x626;&#x642; &#x627;&#x644;&#x642;&#x648;&#x645;&#x64A;&#x629;</subfield>
  </datafield>
  <datafield tag="650" ind1="0" ind2="4">
    <subfield code="a">&#x62F;&#x627;&#x631; &#x627;&#x644;&#x648;&#x62B;&#x627;&#x626;&#x642; &#x627;&#x644;&#x642;&#x648;&#x645;&#x64A;&#x629;</subfield>
    <subfield code="x">&#x645;&#x64A;&#x643;&#x646;&#x629; &#x627;&#x644;&#x645;&#x642;&#x62A;&#x646;&#x64A;&#x627;&#x62A;</subfield>
  </datafield>
  <datafield tag="942" ind1=" " ind2=" ">
    <subfield code="2">ddc</subfield>
    <subfield code="c">BK</subfield>
  </datafield>
  <datafield tag="999" ind1=" " ind2=" ">
    <subfield code="c">60394</subfield>
    <subfield code="d">60394</subfield>
  </datafield>
  <datafield tag="952" ind1=" " ind2=" ">
    <subfield code="0">0</subfield>
    <subfield code="1">0</subfield>
    <subfield code="4">0</subfield>
    <subfield code="7">0</subfield>
    <subfield code="a">CAI</subfield>
    <subfield code="b">CAI</subfield>
    <subfield code="d">2015-02-07</subfield>
    <subfield code="l">0</subfield>
    <subfield code="o">025.04 &#x642;/&#x631; &#x648;</subfield>
    <subfield code="p">159432</subfield>
    <subfield code="r">2015-02-07 00:00:00</subfield>
    <subfield code="w">2015-02-07</subfield>
    <subfield code="y">BK</subfield>
  </datafield>
</record>
